[Event "Winnipeg TNT May op"]
[Site "Winnipeg"]
[Date "2007.05.01"]
[Round "1"]
[White "Lafreniere, Adrian"]
[Black "Campbell, Gary"]
[Result "1-0"]
[WhiteElo "1911"]
[BlackElo "1500"]
[PlyCount "39"]
[EventDate "2007.05.01"]
[EventType "swiss"]
[EventRounds "5"]
[EventCountry "CAN"]
[SourceTitle "EXT 2022"]
[Source "ChessBase"]
[SourceDate "2021.10.06"]
[SourceVersion "1"]
[SourceVersionDate "2021.10.06"]
[SourceQuality "1"]

1. e4 c5 2. d3 Nc6 3. g3 d6 4. Bg2 Nf6 5. h3 g6 6. Ne2 Bg7 7. Nbc3 0-0 8. 0-0 a6 9. Be3 b5 10. Qd2 Rb8 11. Rab1 Ne5 12. f4 Ned7 13. f5 Ne5 14. Bh6 b4 15. Nd1 d5 16. fxg6 fxg6 17. exd5 Nxd5 18. Rxf8+ Kxf8 19. Nf2 Bxh3 20. Nxh3 1-0

[Event "Winnipeg TNT July op"]
[Site "Winnipeg"]
[Date "2006.07.04"]
[Round "1"]
[White "Essery, Richard"]
[Black "Lafreniere, Adrian"]
[Result "0-1"]
[WhiteElo "1594"]
[BlackElo "1842"]
[PlyCount "86"]
[EventDate "2006.07.04"]
[EventType "swiss"]
[EventRounds "4"]
[EventCountry "CAN"]
[SourceTitle "EXT 2007"]
[Source "ChessBase"]
[SourceDate "2006.11.23"]
[SourceVersion "1"]
[SourceVersionDate "2006.11.23"]
[SourceQuality "1"]

1. d4 c6 2. Nf3 d5 3. Bf4 Bf5 4. e3 e6 5. Bd3 Bg6 6. Ne5 Bxd3 7. Nxd3 Bd6 8. Qg4 Bf8 9. Nd2 Nf6 10. Qe2 Bd6 11. Bg3 Qc7 12. c3 Nbd7 13. Bxd6 Qxd6 14. e4 dxe4 15. Nxe4 Qd5 16. Nxf6+ Nxf6 17. f3 Qg5 18. 0-0 0-0 19. f4 Qf5 20. Rae1 Qa5 21. a3 Rad8 22. g4 Qd5 23. g5 Nd7 24. Rf3 c5 25. Rh3 cxd4 26. Qh5 Qf5 27. Ne5 Nxe5 28. Rxe5 Qb1+ 29. Kf2 Qxb2+ 30. Re2 Qb1 31. cxd4 Rxd4 32. Rh4 Rfd8 33. g6 Qxg6 34. Qxg6 hxg6 35. Re3 g5 36. Rh5 Rxf4+ 37. Ke2 Rd5 38. Reh3 f6 39. Rh8+ Kf7 40. Rb8 Rb5 41. Rhh8 Rh4 42. Rhc8 Rxh2+ 43. Kf3 Rb3+ 0-1

[Event "Winnipeg TNT Aug op"]
[Site "Winnipeg"]
[Date "2005.08.02"]
[Round "1"]
[White "Lafreniere, Adrian"]
[Black "Gibbons, Lorne"]
[Result "1-0"]
[WhiteElo "1770"]
[BlackElo "1326"]
[PlyCount "37"]
[EventDate "2005.08.02"]
[EventType "swiss"]
[EventRounds "4"]
[EventCountry "CAN"]
[SourceTitle "EXT 2007"]
[Source "ChessBase"]
[SourceDate "2006.11.23"]
[SourceVersion "1"]
[SourceVersionDate "2006.11.23"]
[SourceQuality "1"]

1. e4 e5 2. d3 Bc5 3. g3 Nc6 4. Bg2 Nf6 5. c3 d6 6. h3 Be6 7. Nf3 h6 8. 0-0 a6 9. d4 Ba7 10. d5 Nxe4 11. dxe6 Nxf2 12. exf7+ Kxf7 13. Qd5+ Ke7 14. Rxf2 Rf8 15. Nd4 exd4 16. Re2+ Ne5 17. Kh2 c6 18. Qe4 d3 19. Qxd3 1-0

[Event "Canadian op"]
[Site "Edmonton"]
[Date "2005.07.16"]
[Round "9"]
[White "Lafreniere, Adrian"]
[Black "Brodie, Hugh"]
[Result "1/2-1/2"]
[WhiteElo "1703"]
[BlackElo "1915"]
[PlyCount "75"]
[EventDate "2005.07.09"]
[EventType "swiss"]
[EventRounds "10"]
[EventCountry "CAN"]
[SourceTitle "CBM 107 Extra"]
[Source "ChessBase"]
[SourceDate "2005.09.01"]
[SourceVersion "1"]
[SourceVersionDate "2005.09.01"]
[SourceQuality "1"]

1. e4 c5 2. g3 Nc6 3. Bg2 g6 4. d3 Bg7 5. Ne2 d6 6. 0-0 Bd7 7. Nbc3 Qc8 8. Nd5 Nf6 9. Nef4 0-0 10. c3 Nxd5 11. Nxd5 Bh3 12. f4 Bxg2 13. Kxg2 e6 14. Ne3 f5 15. Nc4 Qd7 16. Be3 b6 17. Qf3 d5 18. Nd2 dxe4 19. dxe4 e5 20. Rad1 Qe6 21. b3 exf4 22. Bxf4 fxe4 23. Qxe4 Qxe4+ 24. Nxe4 Rad8 25. c4 Rxd1 26. Rxd1 Bd4 27. Rd2 Kg7 28. Re2 Re8 29. Nc3 Rxe2+ 30. Nxe2 Kf6 31. Kf3 Ke6 32. Ke4 Be5 33. Bd2 Kd6 34. Nf4 Bxf4 35. Bxf4+ Ke6 36. Bc7 Kd7 37. Bf4 Ke6 38. Bc7 1/2-1/2

[Event "Canadian op"]
[Site "Edmonton"]
[Date "2005.07.12"]
[Round "5"]
[White "Lafreniere, Adrian"]
[Black "Brown, Grant"]
[Result "1-0"]
[WhiteElo "1703"]
[BlackElo "1980"]
[PlyCount "39"]
[EventDate "2005.07.09"]
[EventType "swiss"]
[EventRounds "10"]
[EventCountry "CAN"]
[SourceTitle "CBM 107 Extra"]
[Source "ChessBase"]
[SourceDate "2005.09.01"]
[SourceVersion "1"]
[SourceVersionDate "2005.09.01"]
[SourceQuality "1"]

1. e4 e6 2. d3 d5 3. Nc3 c5 4. exd5 exd5 5. g3 Nf6 6. Bg2 Be7 7. Nge2 d4 8. Ne4 Nc6 9. Nf4 0-0 10. 0-0 Ne5 11. h3 Rb8 12. Re1 Re8 13. Nxf6+ Bxf6 14. Nd5 b6 15. Bf4 Bb7 16. Nxf6+ Qxf6 17. Qh5 Bxg2 18. Bxe5 Bf3 19. Bxb8 Rxb8 20. Qe5 1-0

[Event "Canadian op"]
[Site "Edmonton"]
[Date "2005.07.10"]
[Round "3"]
[White "Lafreniere, Adrian"]
[Black "Zaczek, Jonathon"]
[Result "0-1"]
[WhiteElo "1703"]
[BlackElo "2017"]
[PlyCount "50"]
[EventDate "2005.07.09"]
[EventType "swiss"]
[EventRounds "10"]
[EventCountry "CAN"]
[SourceTitle "CBM 107 Extra"]
[Source "ChessBase"]
[SourceDate "2005.09.01"]
[SourceVersion "1"]
[SourceVersionDate "2005.09.01"]
[SourceQuality "1"]

1. e4 c5 2. Nf3 d6 3. d4 cxd4 4. Nxd4 Nf6 5. f3 e5 6. Bb5+ Bd7 7. Bxd7+ Qxd7 8. Nf5 d5 9. Ng3 Bc5 10. Qd3 0-0 11. c3 dxe4 12. Qxd7 Nbxd7 13. fxe4 Ng4 14. Ke2 Ndf6 15. Nd2 Rad8 16. h3 Nf2 17. Rf1 Nd3 18. Nb3 Bb6 19. Rf3 Nf4+ 20. Bxf4 exf4 21. Rxf4 Bc7 22. Rf3 Rfe8 23. Nd2 Bxg3 24. Rxg3 Rxd2+ 25. Kxd2 Nxe4+ 0-1

[Event "Canadian op"]
[Site "Edmonton"]
[Date "2005.07.10"]
[Round "2"]
[White "Meller, Kenneth"]
[Black "Lafreniere, Adrian"]
[Result "0-1"]
[WhiteElo "1367"]
[BlackElo "1703"]
[PlyCount "88"]
[EventDate "2005.07.09"]
[EventType "swiss"]
[EventRounds "10"]
[EventCountry "CAN"]
[SourceTitle "CBM 107 Extra"]
[Source "ChessBase"]
[SourceDate "2005.09.01"]
[SourceVersion "1"]
[SourceVersionDate "2005.09.01"]
[SourceQuality "1"]

1. e4 c6 2. d4 d5 3. e5 Bf5 4. Bd3 Bg6 5. Bxg6 hxg6 6. e6 Qd6 7. exf7+ Kxf7 8. Qf3+ Qf6 9. Bg5 Qxf3 10. Nxf3 Nd7 11. Nc3 Re8 12. 0-0-0 e5 13. dxe5 Nxe5 14. Nxe5+ Rxe5 15. f4 Re6 16. h3 Bc5 17. Rhf1 Nf6 18. f5 gxf5 19. Rxf5 Kg6 20. g4 Rxh3 21. Rdf1 Nxg4 22. Bd2 Ne3 23. Bxe3 Bxe3+ 24. Kd1 Rf6 25. Rxf6+ gxf6 26. Ne2 f5 27. Nf4+ Bxf4 28. Rxf4 Kg5 29. Rf2 f4 30. c3 Kg4 31. Ke1 f3 32. a4 Kg3 33. b4 Rh1+ 34. Kd2 Kxf2 35. Kd3 Rc1 36. b5 Ke1 37. bxc6 bxc6 38. a5 f2 39. Kd4 f1Q 40. Ke5 Rxc3 41. Kd6 Qf6+ 42. Kc7 Qe7+ 43. Kc8 Rh3 44. a6 Rh8# 0-1

[Event "Winnipeg TNT June op"]
[Site "Winnipeg"]
[Date "2005.06.21"]
[Round "3"]
[White "Oberton, Daniel"]
[Black "Lafreniere, Adrian"]
[Result "1-0"]
[WhiteElo "1574"]
[BlackElo "1711"]
[PlyCount "55"]
[EventDate "2005.06.07"]
[EventType "swiss"]
[EventRounds "4"]
[EventCountry "CAN"]
[SourceTitle "EXT 2007"]
[Source "ChessBase"]
[SourceDate "2006.11.23"]
[SourceVersion "1"]
[SourceVersionDate "2006.11.23"]
[SourceQuality "1"]

1. e4 e6 2. d4 d5 3. exd5 exd5 4. Nf3 Bd6 5. Nc3 c6 6. Bd3 Ne7 7. h3 h6 8. Ne2 Be6 9. Bf4 Qc7 10. Bxd6 Qxd6 11. c3 Nd7 12. 0-0 0-0 13. Qc2 g6 14. Rfe1 Bf5 15. Ng3 Bxd3 16. Qxd3 Rae8 17. Re3 Kg7 18. Rae1 Nf6 19. b3 Neg8 20. c4 Rxe3 21. Rxe3 Re8 22. Nh4 Kh7 23. Nf3 Qf4 24. Ne5 Kg7 25. Ne2 Qh4 26. Rg3 Ne4 27. Rf3 f5 28. Nf4 1-0

[Event "Winnipeg TNT June op"]
[Site "Winnipeg"]
[Date "2005.06.07"]
[Round "1"]
[White "Babb, Jeff"]
[Black "Lafreniere, Adrian"]
[Result "1-0"]
[WhiteElo "2151"]
[BlackElo "1711"]
[PlyCount "71"]
[EventDate "2005.06.07"]
[EventType "swiss"]
[EventRounds "4"]
[EventCountry "CAN"]
[SourceTitle "EXT 2007"]
[Source "ChessBase"]
[SourceDate "2006.11.23"]
[SourceVersion "1"]
[SourceVersionDate "2006.11.23"]
[SourceQuality "1"]

1. e4 e6 2. d3 b6 3. g3 Bb7 4. Bg2 Nf6 5. Nf3 c5 6. 0-0 Nc6 7. Re1 e5 8. Bg5 d6 9. Nc3 Be7 10. a3 Nd4 11. Nxd4 cxd4 12. Bxf6 Bxf6 13. Nd5 Bxd5 14. exd5 0-0 15. c4 g6 16. b4 Rc8 17. a4 a5 18. Rb1 Qc7 19. Re2 Ra8 20. Reb2 Rfb8 21. Qe1 Bd8 22. Bh3 Kg7 23. Qd2 h6 24. Bg4 f5 25. Bf3 Bg5 26. Qe1 axb4 27. Rxb4 Ra6 28. Bd1 Qe7 29. Rb5 h5 30. a5 Qc7 31. h4 Bd8 32. Kg2 Qa7 33. Bf3 Rxa5 34. Qxa5 bxa5 35. Rxb8 Qd7 36. R1b7 1-0

[Event "Winnipeg TNT Jan op"]
[Site "Winnipeg"]
[Date "2005.01.04"]
[Round "1"]
[White "Lafreniere, Adrian"]
[Black "Babb, Jeff"]
[Result "0-1"]
[WhiteElo "1709"]
[BlackElo "2166"]
[PlyCount "83"]
[EventDate "2005.01.04"]
[EventType "swiss"]
[EventRounds "4"]
[EventCountry "CAN"]
[SourceTitle "EXT 2006"]
[Source "ChessBase"]
[SourceDate "2005.11.24"]
[SourceVersion "1"]
[SourceVersionDate "2005.11.24"]
[SourceQuality "1"]

1. e4 e5 2. Bc4 Nf6 3. d3 Bc5 4. Qe2 Nc6 5. c3 0-0 6. Be3 d6 7. h3 Bxe3 8. Qxe3 d5 9. exd5 Nxd5 10. Qf3 Be6 11. Ne2 Nf4 12. Nxf4 Bxc4 13. dxc4 exf4 14. 0-0 Qf6 15. Nd2 Rfe8 16. Rfe1 Qf5 17. Re4 Rxe4 18. Qxe4 Qxe4 19. Nxe4 Re8 20. Re1 Ne5 21. Nd2 Kf8 22. Kf1 f5 23. Re2 g5 24. b3 Kf7 25. g3 fxg3 26. fxg3 Re6 27. Rf2 Rf6 28. Re2 Ng6 29. Nf3 h6 30. Ne5+ Nxe5 31. Rxe5 f4 32. Kf2 c6 33. b4 fxg3+ 34. Kxg3 Rf4 35. Rc5 Ke6 36. a4 Kd6 37. Ra5 Rxc4 38. Rxa7 Rxc3+ 39. Kg2 Kc7 40. Ra8 Rb3 41. b5 cxb5 42. axb5 0-1

[Event "Winnipeg Mike Shpan Memorial"]
[Site "Winnipeg"]
[Date "2004.12.07"]
[Round "6"]
[White "Lafreniere, Adrian"]
[Black "Rutter, Blair A"]
[Result "1/2-1/2"]
[WhiteElo "1753"]
[BlackElo "1659"]
[PlyCount "76"]
[EventDate "2004.11.02"]
[EventType "swiss"]
[EventRounds "6"]
[EventCountry "CAN"]
[SourceTitle "EXT 2009"]
[Source "ChessBase"]
[SourceDate "2008.11.26"]
[SourceVersion "1"]
[SourceVersionDate "2008.11.26"]
[SourceQuality "1"]

1. e4 e6 2. d4 d5 3. e5 c5 4. c3 Nc6 5. Be3 Qb6 6. Qb3 Bd7 7. Nf3 Rc8 8. Be2 cxd4 9. cxd4 Nb4 10. Nc3 Ne7 11. 0-0 Nf5 12. Rac1 Be7 13. Na4 Qd8 14. Rxc8 Qxc8 15. Rc1 Qb8 16. Nc5 Bxc5 17. Rxc5 Nc6 18. Bd3 Nxe3 19. fxe3 0-0 20. Qd1 f5 21. Ng5 h6 22. Nh3 g5 23. g4 Nxe5 24. Be2 fxg4 25. Bxg4 Nxg4 26. Qxg4 Qd8 27. Rc2 Kg7 28. Nf4 Re8 29. Nh5+ Kh7 30. h4 Rg8 31. Rg2 Rg6 32. Qf3 Qe7 33. Qg3 Be8 34. Qe5 gxh4 35. Rxg6 Kxg6 36. Nf4+ Kf7 37. Qh5+ Kg7 38. Qg4+ Kh7 1/2-1/2

[Event "Winnipeg Mike Shpan Memorial"]
[Site "Winnipeg"]
[Date "2004.11.30"]
[Round "5"]
[White "Van Wyk, Joseph"]
[Black "Lafreniere, Adrian"]
[Result "1-0"]
[WhiteElo "1912"]
[BlackElo "1753"]
[PlyCount "59"]
[EventDate "2004.11.02"]
[EventType "swiss"]
[EventRounds "6"]
[EventCountry "CAN"]
[SourceTitle "EXT 2009"]
[Source "ChessBase"]
[SourceDate "2008.11.26"]
[SourceVersion "1"]
[SourceVersionDate "2008.11.26"]
[SourceQuality "1"]

1. e4 e6 2. c4 b6 3. Nc3 Bb7 4. d4 d5 5. cxd5 exd5 6. e5 Nd7 7. Nf3 c6 8. Bd3 Bb4 9. 0-0 Nf8 10. Ng5 Qd7 11. Qf3 h6 12. Bf5 Qe7 13. Qh3 Bxc3 14. bxc3 g6 15. Bg4 Nh7 16. Nxh7 Rxh7 17. a4 Kd8 18. Ba3 c5 19. c4 Kc7 20. dxc5 Qxe5 21. Rfe1 Qd4 22. cxd5 Bxd5 23. cxb6+ axb6 24. Qg3+ Kc6 25. Rac1+ Kb7 26. Red1 Qxa4 27. Qc7+ Ka6 28. Be2+ b5 29. Rxd5 Qxa3 30. Rc6# 1-0

[Event "Winnipeg TNT July op"]
[Site "Winnipeg"]
[Date "2003.07.15"]
[Round "2"]
[White "Van Wyk, Joseph"]
[Black "Lafreniere, Adrian"]
[Result "1/2-1/2"]
[WhiteElo "1930"]
[BlackElo "1806"]
[PlyCount "69"]
[EventDate "2003.07.08"]
[EventType "swiss"]
[EventRounds "4"]
[EventCountry "CAN"]
[SourceTitle "EXT 2006"]
[Source "ChessBase"]
[SourceDate "2005.11.24"]
[SourceVersion "1"]
[SourceVersionDate "2005.11.24"]
[SourceQuality "1"]

1. e4 e6 2. d4 b6 3. c4 Bb7 4. Nc3 Bb4 5. Bd3 Ne7 6. Qg4 Ng6 7. Bg5 f6 8. Bd2 Nc6 9. Nge2 Qe7 10. f4 0-0-0 11. d5 Na5 12. 0-0 Ba6 13. b3 Kb8 14. Rfd1 Nb7 15. Na4 Bxd2 16. Rxd2 Nc5 17. Nxc5 Qxc5+ 18. Kf1 Qe7 19. Nd4 e5 20. Nf5 Qf7 21. fxe5 fxe5 22. g3 h5 23. Qg5 d6 24. Rf2 Rdf8 25. Ke2 h4 26. Raf1 hxg3 27. hxg3 Rh5 28. Qg4 Bc8 29. Ke3 Rfh8 30. Qe2 Qf6 31. Kd2 Qg5+ 32. Qe3 Qxe3+ 33. Kxe3 Rg5 34. Rf3 Rh2 35. R1f2 1/2-1/2

[Event "Winnipeg TNT April op"]
[Site "Winnipeg"]
[Date "2001.04.03"]
[Round "1"]
[White "Tetrault, Claude"]
[Black "Lafreniere, Adrian"]
[Result "0-1"]
[WhiteElo "1384"]
[BlackElo "1649"]
[PlyCount "92"]
[EventDate "2001.04.??"]
[EventType "swiss"]
[EventRounds "4"]
[EventCountry "CAN"]
[SourceTitle "EXT 2005"]
[Source "ChessBase"]
[SourceDate "2004.11.15"]
[SourceVersion "1"]
[SourceVersionDate "2004.11.15"]
[SourceQuality "1"]

1. d4 e6 2. c4 b6 3. Nf3 Bb7 4. Nc3 Nf6 5. Bg5 Be7 6. e3 d6 7. Bd3 Nbd7 8. 0-0 0-0 9. Re1 a6 10. a4 h6 11. Bf4 Nh5 12. Be4 c6 13. Nd2 Ndf6 14. Bf3 Nxf4 15. exf4 d5 16. Qb3 Qc7 17. g3 Rad8 18. Re2 Rd7 19. cxd5 Nxd5 20. Rc1 Nb4 21. Qc4 Qd6 22. Nb3 a5 23. Ne4 Qb8 24. Ree1 Rc8 25. Red1 Ba6 26. Qc3 Na2 27. Qe3 Nxc1 28. Rxc1 Bb4 29. Nbd2 Bxd2 30. Nxd2 Qd6 31. Nb3 Bb7 32. Bg4 Qb4 33. Bd1 Rcd8 34. Bc2 Ba6 35. Qe4 g6 36. Qxc6 Bc4 37. Qf3 Bxb3 38. Bxb3 Rxd4 39. Rc3 Rd2 40. Rc4 Qd6 41. Bc2 Qd5 42. Qb3 h5 43. Be4 Rxb2 44. Qxb2 Qxc4 45. f3 Rd1+ 46. Kg2 Qf1# 0-1

[Event "Winnipeg Remembrance"]
[Site "Winnipeg"]
[Date "2000.11.12"]
[Round "5"]
[White "Xia, Yanchong"]
[Black "Lafreniere, Adrian"]
[Result "1/2-1/2"]
[WhiteElo "1812"]
[BlackElo "1671"]
[PlyCount "105"]
[EventDate "2000.11.??"]
[EventType "tourn"]
[EventRounds "5"]
[EventCountry "CAN"]
[SourceTitle "EXT 2005"]
[Source "ChessBase"]
[SourceDate "2004.11.15"]
[SourceVersion "1"]
[SourceVersionDate "2004.11.15"]
[SourceQuality "1"]

1. e4 c5 2. Nf3 e6 3. d4 d5 4. exd5 exd5 5. Be2 Be7 6. 0-0 Nf6 7. Nbd2 Be6 8. dxc5 Bxc5 9. Nb3 Bd6 10. Nbd4 0-0 11. c3 Nc6 12. Bg5 Ne5 13. Re1 Nxf3+ 14. Bxf3 Qd7 15. Qd2 Ne8 16. Bf4 Bxf4 17. Qxf4 Nc7 18. Rad1 Rad8 19. h3 Qd6 20. Qd2 Qa6 21. a3 Rfe8 22. Qc2 Qb6 23. Rd2 Nb5 24. Red1 Nxd4 25. Rxd4 Qc7 26. Qd2 Qb6 27. c4 Bf5 28. cxd5 Qg6 29. Bg4 Bxg4 30. Rxg4 Qf6 31. d6 Rd7 32. Re1 Red8 33. Rge4 h6 34. Qc2 g6 35. Re8+ Rxe8 36. Rxe8+ Kg7 37. Rb8 Qxd6 38. Qc8 Kf6 39. Qh8+ Kf5 40. Re8 h5 41. Qc3 Qd1+ 42. Kh2 Qd6+ 43. g3 Qd5 44. h4 a6 45. Re2 Rd6 46. f3 Qd4 47. Qc8+ Rd7 48. Qe8 Kf6 49. Qh8+ Kf5 50. Qh6 Kf6 51. Kh3 Rd8 52. Kg2 Qd1 53. Qf4+ 1/2-1/2

[Event "Winnipeg Remembrance"]
[Site "Winnipeg"]
[Date "2000.11.11"]
[Round "2"]
[White "Lafreniere, Adrian"]
[Black "Khedkar, Jay S"]
[Result "0-1"]
[WhiteElo "1671"]
[BlackElo "1984"]
[PlyCount "62"]
[EventDate "2000.11.??"]
[EventType "tourn"]
[EventRounds "5"]
[EventCountry "CAN"]
[SourceTitle "EXT 2005"]
[Source "ChessBase"]
[SourceDate "2004.11.15"]
[SourceVersion "1"]
[SourceVersionDate "2004.11.15"]
[SourceQuality "1"]

1. e4 c5 2. Nf3 e6 3. d4 cxd4 4. Nxd4 Nf6 5. Bd3 Nc6 6. Nxc6 bxc6 7. 0-0 d6 8. f4 Qc7 9. Be3 Bb7 10. Nc3 a6 11. Qe2 Be7 12. Kh1 c5 13. Bd2 0-0 14. Rf3 d5 15. Rh3 c4 16. e5 cxd3 17. Qxd3 Ne4 18. Nxe4 dxe4 19. Qe2 Rfd8 20. f5 Qxe5 21. Bc3 Qxf5 22. Rf1 Qb5 23. Qf2 f5 24. Re1 f4 25. a4 Qf5 26. Qe2 f3 27. Qf2 e3 28. Qg3 fxg2+ 29. Kg1 Qf2+ 30. Qxf2 exf2+ 31. Kxf2 Bc5+ 0-1

[Event "Winnipeg Remembrance"]
[Site "Winnipeg"]
[Date "2000.11.10"]
[Round "1"]
[White "Lafreniere, Adrian"]
[Black "Mundwiler, Les"]
[Result "0-1"]
[WhiteElo "1671"]
[BlackElo "2052"]
[PlyCount "42"]
[EventDate "2000.11.??"]
[EventType "tourn"]
[EventRounds "5"]
[EventCountry "CAN"]
[SourceTitle "EXT 2005"]
[Source "ChessBase"]
[SourceDate "2004.11.15"]
[SourceVersion "1"]
[SourceVersionDate "2004.11.15"]
[SourceQuality "1"]

1. e4 e5 2. Nf3 Nc6 3. d4 exd4 4. Nxd4 Bc5 5. Be3 Bb6 6. Bc4 Nge7 7. 0-0 0-0 8. c3 d6 9. Qh5 Ne5 10. Be2 f5 11. f4 N5g6 12. Bc4+ Kh8 13. Nd2 d5 14. exd5 Nxd5 15. Bxd5 Qxd5 16. Rf3 Rf6 17. Rh3 h6 18. g4 Bd7 19. g5 Bxd4 20. Bxd4 Nxf4 21. Qh4 Qg2# 0-1

[Event "Winnipeg Tuesday Night op 8th"]
[Site "Winnipeg"]
[Date "2000.08.01"]
[Round "1"]
[White "Schulz, Waldemar"]
[Black "Lafreniere, Adrian"]
[Result "1/2-1/2"]
[WhiteElo "2035"]
[BlackElo "1675"]
[PlyCount "63"]
[EventDate "2000.08.??"]
[EventType "swiss"]
[EventRounds "4"]
[EventCountry "CAN"]
[SourceTitle "EXT 2005"]
[Source "ChessBase"]
[SourceDate "2004.11.15"]
[SourceVersion "1"]
[SourceVersionDate "2004.11.15"]
[SourceQuality "1"]

1. Nf3 c5 2. c4 e6 3. g3 d5 4. Bg2 Nf6 5. 0-0 Be7 6. b3 b6 7. Bb2 Bb7 8. d3 Nc6 9. Nbd2 Qd7 10. cxd5 exd5 11. Rc1 0-0 12. d4 Rac8 13. dxc5 bxc5 14. Bxf6 gxf6 15. Nh4 Ne5 16. Qc2 c4 17. bxc4 dxc4 18. Bxb7 Qxb7 19. Rb1 Qd5 20. Rfd1 Qe6 21. Ndf3 Rfd8 22. Nxe5 fxe5 23. Nf5 Bc5 24. Rxd8+ Rxd8 25. Qe4 Qg6 26. Rb7 Bf8 27. Qxe5 Rd1+ 28. Kg2 Qc6+ 29. f3 Qxb7 30. Qf4 c3 31. Qg5+ Kh8 32. Qf6+ 1/2-1/2

[Event "Winnipeg Summer op"]
[Site "Winnipeg"]
[Date "2000.07.22"]
[Round "2"]
[White "Trueman, Francis"]
[Black "Lafreniere, Adrian"]
[Result "1-0"]
[WhiteElo "1506"]
[BlackElo "1675"]
[PlyCount "41"]
[EventDate "2000.07.??"]
[EventType "swiss"]
[EventRounds "5"]
[EventCountry "CAN"]
[SourceTitle "EXT 2005"]
[Source "ChessBase"]
[SourceDate "2004.11.15"]
[SourceVersion "1"]
[SourceVersionDate "2004.11.15"]
[SourceQuality "1"]

1. Nf3 c5 2. g3 Nc6 3. Bg2 d5 4. d3 Nf6 5. Nbd2 e6 6. 0-0 Bd6 7. c3 0-0 8. Re1 Bd7 9. e4 dxe4 10. dxe4 Ne5 11. Nxe5 Bxe5 12. Nc4 Bc7 13. e5 Nd5 14. Be3 Nxe3 15. Rxe3 Bb5 16. b3 Rb8 17. Rd3 Qe7 18. a4 Ba6 19. Rd7 Qe8 20. Rxc7 Rd8 21. Nd6 1-0

[Event "Winnipeg op"]
[Site "Winnipeg"]
[Date "2000.06.18"]
[Round "4"]
[White "Strub, Michael"]
[Black "Lafreniere, Adrian"]
[Result "1/2-1/2"]
[WhiteElo "1686"]
[BlackElo "1748"]
[PlyCount "78"]
[EventDate "2000.06.??"]
[EventType "swiss"]
[EventRounds "5"]
[EventCountry "CAN"]
[SourceTitle "EXT 2005"]
[Source "ChessBase"]
[SourceDate "2004.11.15"]
[SourceVersion "1"]
[SourceVersionDate "2004.11.15"]
[SourceQuality "1"]

1. d4 d5 2. c4 Nc6 3. cxd5 Qxd5 4. Nf3 e5 5. Nc3 Bb4 6. e3 Bg4 7. Be2 exd4 8. exd4 Nf6 9. 0-0 Bxc3 10. bxc3 0-0 11. c4 Qd7 12. Bb2 Bf5 13. d5 Ne7 14. Bxf6 gxf6 15. Qd4 Kg7 16. Nh4 Bg6 17. Bg4 Qd6 18. Rad1 Qe5 19. Rfe1 Qxd4 20. Rxd4 Ng8 21. Nxg6 fxg6 22. Be6 Rfe8 23. Rde4 Rad8 24. Bxg8 Rxe4 25. Rxe4 Kxg8 26. Re7 c6 27. Rxb7 cxd5 28. cxd5 Rxd5 29. Kf1 Ra5 30. Rb2 Kf7 31. Ke2 Ke6 32. Ke3 h6 33. Kd4 Kd6 34. Kc4 Kc6 35. Kd4 Ra4+ 36. Kd3 Kc5 37. Rc2+ Kd5 38. Ke3 Re4+ 39. Kf3 Ra4 1/2-1/2